| 000 | 00367 a2200145 4500 | ||
|---|---|---|---|
| 005 | 20250619060923.0 | ||
| 020 | _a0-07-246521-2 | ||
| 082 | _a658.0546 RAY | ||
| 100 | _aRAYPORT, J. F | ||
| 245 | _aE- Commerce | ||
| 260 |
_aNew York, _bMc Graw Hill, _c2001. |
||
| 300 |
_axxxv,419p.; ill.; figure, table, picture _c25cm. |
||
| 700 | _aJAWORSKI B. J. | ||
| 942 |
_2ddc _cBKS |
||
| 999 |
_c4337 _d4337 |
||